Liečebný dom, Areál baní Handlová, okr. Handlová

Salvato in:
Dettagli Bibliografici
Autore principale: Macharová, Kristína (Autore)
Altri autori: Polakovič, Štefan (Relatore della tesi)
Natura: Manoscritto Libro
Lingua:slovacco
Pubblicazione: Bratislava 2021
Soggetti:
Accesso online:http://is.stuba.sk/zp/portal_zp.pl?podrobnosti=157519
Tags: Aggiungi Tag
Nessun Tag, puoi essere il primo ad aggiungerne!!

MARC

LEADER 00000ntm a22000003a 4500
001 stuzp85088
003 SK-STU
005 20220218100942.7
007 ta
008 150427s2015----xo-----f-mn---000-0-slo-d
040 |a STU  |b slo 
041 0 |a slo 
100 1 |a Macharová, Kristína  |u 058180  |4 aut  |U FAD Fakulta architektúry a dizajnu  |T FAD Ústav architektúry občianskych budov  |X 82314  |U A8180  |Y 399  |7 82314 
242 0 1 |a Thermal House, Area of Handlova Mine, Handlova district  |y eng 
245 1 0 |a Liečebný dom, Areál baní Handlová, okr. Handlová 
260 |c 2021  |a Bratislava 
650 4 |a pátio  |2 slo 
650 4 |a priehľad  |2 slo 
650 4 |a kúpele  |2 slo 
650 4 |a patio  |2 eng 
650 4 |a vista  |2 eng 
650 4 |a thermal house  |2 eng 
700 1 |a Polakovič, Štefan  |u 058180  |k Z1  |4 ths  |U FAD Fakulta architektúry a dizajnu  |T FAD Ústav architektúry občianskych budov  |X 70902  |U A8180  |Y 399  |7 A000070902 
856 4 |u http://is.stuba.sk/zp/portal_zp.pl?podrobnosti=157519  |u https://opac.crzp.sk/?fn=detailBiblioForm&sid=0C216CD716E182230D2B0DAAC853